000 00657nam a2200217 i 4500
001 83921
003 ES-MaACL
005 20250822162342.0
007 t|
008 041118s1960 sp ||||1| spa d
080 _a82-311.2"19"
100 1 _aJaffe, Rona.
_965915
245 1 0 _aMujeres en busca de amor /
_cRona Jaffe ; [versión española de Domingo Manfredi Cano].
260 _aBarcelona :
_bLuis de Caralt,
_c[1960]
300 _a324 p. ;
_c24 cm.
490 1 _aLibros de la sirena
700 1 _aManfredi Cano, Domingo,
_d1918-1998
_975997
830 1 _aLibros de la sirena
_9231647
852 4 _aES-MaACL
_jC-19692
999 _c83921
_d83921